[Event "Challenge"]
[Site "http://www.queenalice.com/game.php?id=429190"]
[Date "2008.7.7"]
[Round "-"]
[White "Mazarin27"]
[Black "SRIVERO"]
[Result "1-0"]
[WhiteElo "1100"]
[BlackElo "1706"]

1. d4 d5 2. Nf3 e6 3. e3 Nf6 4. Bd3 c5 5. c3 Bd7 6. b3 b5 7. O-O Bd6 8. Nbd2 a5
9. Qe2 c4 10. bxc4 bxc4 11. Bc2 O-O 12. a4 Qc7 13. e4 Ng4 14. g3 Re8 15. e5 Be7
16. Re1 f6 17. h3 Nh6 18. Nf1 f5 19. Bxh6 gxh6 20. Qd2 Bf8 21. N1h2 Re7 22. Kh1
Rg7 23. Rg1 Be8 24. g4 Qf7 25. gxf5 Rxg1+ 26. Rxg1+ Kh8 27. f6 Nd7 28. Qf4 Rb8
29. Qc1 Nb6 30. Qb1 Qc7 31. Qd1 Bg6 32. Bxg6 hxg6 33. Rxg6 Qh7 34. Nh4 Nd7 35.
f4 Ba3 36. f5 exf5 37. Rg7 Rg8 38. Rxh7+ Kxh7 39. Qh5 Nf8 40. Nxf5 Bc1 41. Qf7+
Kh8 42. Ne7 Be3 43. Qxg8# 1-0

[Event "Challenge"]
[Site "http://www.queenalice.com/game.php?id=429191"]
[Date "2008.7.7"]
[Round "-"]
[White "SRIVERO"]
[Black "Mazarin27"]
[Result "0-1"]
[WhiteElo "1621"]
[BlackElo "1100"]

1. d4 d5 2. c4 e6 3. Nf3 Nf6 4. Nc3 c6 5. e3 Nbd7 6. Qc2 g6 7. Bd3 Bg7 8. O-O
dxc4 9. Bxc4 b5 10. Be2 Bb7 11. Bd2 O-O 12. e4 c5 13. dxc5 Nxc5 14. Bg5 Qc7 15.
Bxf6 Bxf6 16. Nxb5 Qb6 17. Rab1 Bxe4 18. Qc4 Bxb1 19. Rxb1 Rfc8 20. Nc3 Nb7 21.
Qd3 Rd8 22. Qe4 Rac8 23. Na4 Qc6 24. Qxc6 Rxc6 25. g4 Rdc8 26. b4 Rc1+ 27. Rxc1
Rxc1+ 28. Kg2 Rc2 29. g5 Bg7 30. Ba6 Nd6 31. Nc5 Rxa2 32. Bd3 Rb2 33. Ne4 Nxe4
34. Bxe4 Rxb4 35. Bc2 a5 36. Ne1 Rg4+ 37. Kf3 Rxg5 38. h4 Rg1 39. Nd3 Ra1 40.
Kf4 a4 41. Nc5 a3 42. Kg5 Rg1+ 43. Kf4 a2 44. Nb3 h5 45. f3 e5+ 46. Ke4 f5+ 47.
Kd5 Rg3 48. Nd2 a1=Q 0-1

[Event "Challenge"]
[Site "http://www.queenalice.com/game.php?id=430045"]
[Date "2008.7.8"]
[Round "-"]
[White "Mazarin27"]
[Black "Xavier"]
[Result "0-1"]
[WhiteElo "1100"]
[BlackElo "1828"]

1. d4 f5 2. Nf3 Nf6 3. g3 d5 4. Bg2 Nc6 5. c3 Qd6 6. Bf4 Qd7 7. Bc1 h6 8. Nh4 g5
9. Ng6 Rg8 10. Nxf8 Rxf8 11. Qc2 Na5 12. Nd2 Ne4 13. h4 Qd6 14. hxg5 hxg5 15.
Qa4+ Nc6 16. Nxe4 fxe4 17. Bxg5 Bd7 18. Rh6 Ne5 19. Rxd6 Bxa4 20. Rxd5 Ng4 21.
Bxe4 Rh8 22. Rc5 Rh1+ 23. Bxh1 O-O-O 24. Bxe7 Re8 25. Bd6 c6 26. Ra5 Bb5 27. e4
a6 28. a4 b6 29. Rxb5 cxb5 0-1

[Event "Challenge"]
[Site "http://www.queenalice.com/game.php?id=430046"]
[Date "2008.7.8"]
[Round "-"]
[White "Xavier"]
[Black "Mazarin27"]
[Result "0-1"]
[WhiteElo "1828"]
[BlackElo "1100"]

1. c4 Nf6 2. Nc3 e6 3. e4 e5 4. Nf3 d6 5. Bd3 Be7 6. Nd5 Nxd5 7. exd5 Nd7 8. b4
Nf6 9. O-O e4 10. Bxe4 Nxe4 11. d3 Nf6 12. Bb2 Bg4 13. Re1 O-O 14. h3 Bh5 15. g4
Bg6 16. Nh4 Qd7 17. Nxg6 fxg6 18. b5 b6 19. g5 Nh5 20. h4 Rf7 21. Bc1 Raf8 22.
Be3 Qh3 23. f4 Rxf4 24. Bxf4 Rxf4 25. Qe2 Rg4+ 26. Kf2 Rg2+ 0-1

[Event "Challenge"]
[Site "http://www.queenalice.com/game.php?id=430074"]
[Date "2008.7.9"]
[Round "-"]
[White "Mazarin27"]
[Black "aragats"]
[Result "0-1"]
[WhiteElo "1100"]
[BlackElo "1865"]

1. d4 d6 2. Nf3 g6 3. c3 Bg7 4. g3 b6 5. Bg2 Bb7 6. Nbd2 e6 7. Qc2 Nd7 8. O-O
Ne7 9. Re1 O-O 10. e4 c5 0-1

[Event "Challenge"]
[Site "http://www.queenalice.com/game.php?id=430624"]
[Date "2008.7.10"]
[Round "-"]
[White "Mazarin27"]
[Black "emiliano"]
[Result "0-1"]
[WhiteElo "1100"]
[BlackElo "1802"]

1. d4 d5 2. Nf3 Nf6 3. e3 e6 4. c3 c5 5. b3 Nc6 6. Bd3 cxd4 7. exd4 Bd6 8. Qe2
O-O 9. Bg5 h6 10. Bh4 g5 11. Bg3 Bxg3 12. hxg3 Kg7 13. Qc2 Rh8 14. Nbd2 Qe7 15.
O-O-O a6 16. Rde1 b5 17. Ne5 Nxe5 18. dxe5 Nd7 0-1

[Event "Challenge"]
[Site "http://www.queenalice.com/game.php?id=430625"]
[Date "2008.7.10"]
[Round "-"]
[White "emiliano"]
[Black "Mazarin27"]
[Result "1-0"]
[WhiteElo "1800"]
[BlackElo "1100"]

1. e4 d6 2. d4 Nf6 3. Nc3 g6 4. f4 Bg7 5. Bc4 Nc6 6. Nf3 O-O 7. a3 Nxe4 8. d5
Nxc3 9. Qd3 Na5 10. bxc3 Nxc4 11. Qxc4 e6 12. dxe6 Bxe6 13. Qd3 Bf5 14. Qd2 Re8+
15. Kf2 Qd7 16. Bb2 Qb5 17. Rab1 1-0

[Event "Challenge"]
[Site "http://www.queenalice.com/game.php?id=431020"]
[Date "2008.7.10"]
[Round "-"]
[White "alvarogoulart"]
[Black "Mazarin27"]
[Result "1-0"]
[WhiteElo "1885"]
[BlackElo "1100"]

1. e4 e5 2. Bc4 Nf6 3. d3 Be7 4. Nf3 Nc6 5. Ng5 O-O 6. Nc3 Na5 7. Nxf7 Rxf7 8.
Bxf7+ Kxf7 9. O-O d6 10. h3 Kg8 11. Bd2 1-0